Innovation and competitive cities in the global economy (Record no. 101747)

MARC details
000 -LEADER
fixed length control field 00663cam a2200193 4500
008 - FIXED-LENGTH DATA ELEMENTS--GENERAL INFORMATION
fixed length control field 011024n2001 000 0 eng u
020 ## - INTERNATIONAL STANDARD BOOK NUMBER
International Standard Book Number 086342144X
035 ## - SYSTEM CONTROL NUMBER
System control number (Sirsi) u115290
050 ## - LIBRARY OF CONGRESS CALL NUMBER
Classification number 711.52
100 ## - MAIN ENTRY--PERSONAL NAME
Personal name Simmie, J.
-- Editor
245 ## - TITLE STATEMENT
Title Innovation and competitive cities in the global economy
260 ## - PUBLICATION, DISTRIBUTION, ETC.
Place of publication, distribution, etc. Oxford
Name of publisher, distributor, etc. Oxford Brookes University
Date of publication, distribution, etc. 2001
300 ## - PHYSICAL DESCRIPTION
Extent viii,336p. ;30cm.
350 ## - PRICE (NR) (BK AM CF MU VM SE) [OBSOLETE]
Price 9.00
490 ## - SERIES STATEMENT
Series statement Working Paper
Volume/sequential designation 191
520 ## - SUMMARY, ETC.
Summary, etc. Proceedings of an ESRC Cities Programme Research Workshop held at Worcester College,Oxford,28-30 March 2001
690 ## - LOCAL SUBJECT ADDED ENTRY--TOPICAL TERM (OCLC, RLIN)
Topical term or geographic name as entry element ENVIRONMENTAL AND LAND CONSULTANCY-PLANNING AND DEVELOPMENT
942 ## - ADDED ENTRY ELEMENTS (KOHA)
Suppress in OPAC 0
Holdings
Withdrawn status Lost status Source of classification or shelving scheme Damaged status Not for loan Home library Current library Shelving location Date acquired Cost, normal purchase price Total Checkouts Full call number Barcode Date last seen Copy number Cost, replacement price Price effective from Koha item type
    Dewey Decimal Classification     London London Folio 24/10/2001 9.00   F711.52 SIM 30065030 06/08/2019 1 9.00 06/08/2019 Book